000 00991nam a2200289 i 4500
001 768714001
003 CO-MdFUSB
005 20240618062723.0
007 ta
008 220222t1990 -usabdo| |||| 00| 0 spa d
020 _a[No incluye ISBN]
040 _aCO-MdFUSB
_bspa
_cCO-MdFUSB
_dCO-MdFUSBC
_erda
041 _aspa
090 _aAV 0270
245 1 3 _aEl Instituto Lingüístico de Verano :
_bInforme anual de 1990
_c/ editado por John Samuel
264 1 _aEstados Unidos :
_bSummer Institute of Linguistics,
_c[1990]
264 4 _c© 1990
300 _a24 páginas
_c; 28 cm
336 _2rdacontent
_atexto
_btxt
337 _2rdamedia
_asin mediación
_bn
338 _2rdacarrier
_avolumen
_bnc
505 _aSaludos del vicepresidente ejecutivo. -- Notas sobresalientes. -- Bibliografía. -- África. -- América Latina. -- Asia. -- Pacífico. -- Mundial.
563 _aRústico
600 0 _aEl Instituto Lingüístico de Verano,
650 0 _aMisiones
_9154
942 _cBK
999 _c67297
_d67297